LEADER 01751nam a2200397 i 4500 001 991000114969707536 008 090309s2008 riua b 100 0 eng d 020 $a9780821840641 020 $a0821840649 035 $ab13816032-39ule_inst 040 $aDip.to Matematica$beng 082 04$a515.7222$222 084 $aAMS 35-06 084 $aAMS 81-06 084 $aAMS 35J 084 $aAMS 00B25 084 $aLC QC20.7.S64S76 111 2 $aSummer School in analysis and mathematical physics$n<4. ;$d2005 ;$cCuernavaca, Mexico>$0629795 245 10$aFourth Summer School in analysis and mathematical physics :$btopics in spectral theory and quantum mechanics, May 2005, Universidad Nacional Autonoma de Mexico, Cuernavaca, Mexico /$cCarlos Villegas-Blas, editor 246 30$aTopics in spectral theory and quantum mechanics 260 $aProvidence, R. I. :$bAmerican Mathematical Society,$cc2008 300 $avii, 148 p. :$bill. ;$c26 cm 440 0$aContemporary mathematics,$x0271-4132 ;$v476 440 0$aAportaciones matematicas 504 $aIncludes bibliographical references 650 0$aSpectral theory (Mathematics)$vCongresses 650 0$aSchrodinger operator$vCongresses 650 0$aQuantum theory$vCongresses 700 1 $aVillegas-Blas, Carlos$eauthor$4http://id.loc.gov/vocabulary/relators/aut$0282914 710 2 $aSociedad Matematica Mexicana 907 $a.b13816032$b28-01-14$c09-03-09 912 $a991000114969707536 945 $aLE013 35-XX VIL11 (2008)$g1$i2013000210124$lle013$op$pE49.39$q-$rl$s- $t0$u0$v0$w0$x0$y.i14941569$z10-03-09 996 $aFourth Summer School in analysis and mathematical physics$91465129 997 $aUNISALENTO 998 $ale013$b09-03-09$cm$da $e-$feng$griu$h0$i0 LEADER 00892nbm0 22002531i 450 001 UON00469867 005 20231205105159.553 100 $a20160928f |0itac50 ba 101 $aita 102 $aIT 105 $a|||| ||||| 181 $ai$b 182 $an 200 1 $aAlessandro Coletti, miscellanea$fAlessandro Coletti 210 $a1975 ca 215 $aTesto manoscritto e dattiloscritto a fogli sciolti 686 $aMANOSCRITTI$cManoscritti$2A 700 1$aColetti$bAlessandro$cIranista$3UONV009279$00 801 $aIT$bSOL$c20250307$gRICA 899 $aSIBA - SISTEMA BIBLIOTECARIO DI ATENEO$2UONSI 912 $aUON00469867 950 $aSIBA - SISTEMA BIBLIOTECARIO DI ATENEO$dSI MS COLETTI 014 $eSI SA 57897 7 014 996 $aAlessandro Coletti, miscellanea$91399863 997 $aUNIOR